Normal view
MARC view
- Siva J Ed
Entry Personal Name
001 - CONTROL NUMBER
- control field: 216123
003 - CONTROL NUMBER IDENTIFIER
- control field: OSt
005 - DATE AND TIME OF LATEST TRANSACTION
- control field: 20251231122402.0
008 - FIXED-LENGTH DATA ELEMENTS
- fixed length control field: 251231|| aca||aabn | a|a d
040 ## - CATALOGING SOURCE
- Original cataloging agency: OSt
- Transcribing agency: OSt
100 ## - HEADING--PERSONAL NAME
- Personal name: Siva J Ed
670 ## - SOURCE DATA FOUND
- Source citation: Work cat.: (OSt)369644: Siva J Ed., Best Practices In Sustainable Built Environments: Case Studies From India And Australia, 2025